00453nam a2200157Ia 4500100003100000250000600031942000700037654002100044245003100065260003800096082001800134300000800152546001200160999001700172952010600189 aSilberschatz/ A/ Peterson  a2 cBK aOperating System aOperating Systems Concepts bAddison Wesley PubaReadingc1985 a5.43bPET/SIL a625 aENGLISH c27689d27689 001040708CRCaCRCEbCRCEc1514 | 38d2023-03-17l0o5.43 PET/SILp9092r2023-03-17w2023-03-17yBK